MARC

LEADER 00000nam0a2200000 4500
001 289623
005 20231102000215.0
035 |a (RuTPU)RU\TPU\book\314134 
090 |a 289623 
100 |a 20150402d1983 m y0rusy50 ca 
101 0 |a rus 
102 |a RU 
105 |a a z 000zy 
200 1 |a Безработица-трагедия миллионов  |f В. В. Любимова [и др.]  |g под ред. Н. Д. Гаузнера 
210 |a Москва  |c Экономика  |d 1983 
215 |a 240 с.  |c ил. 
225 1 |a Империализм. События. Факты. Документы 
606 1 |a Безработица в капиталистических странах  |x Экономика  |2 stltpush  |3 (RuTPU)RU\TPU\subj\64535  |9 81402 
610 1 |a труд 
610 1 |a капитализм 
610 1 |a кризисы 
610 1 |a рабочий класс 
610 1 |a борьба 
610 1 |a 20 век 
610 1 |a экономическое положение 
686 |a У824  |v LBC/SL-A  |2 rubbk 
701 1 |a Любимова  |b В. В. 
701 1 |a Бурджалова  |b Ф. Э. 
701 1 |a Гаузнер  |b Н. Д. 
701 1 |a Гришин  |b И. В. 
702 1 |a Гаузнер  |b Н. Д.  |4 340 
801 1 |a RU  |b 63413507  |c 20150402 
801 2 |a RU  |b 63413507  |c 20180619  |g RCR 
942 |c BK